01011cam a2200277 a 4500001001000000003000900010005001700019008004100036020001500077035002500092040002500117049000900142082002300151100003500174245008400209260002900293300002700322500004800349504003500397651005500432651005400487910003400541942001400575952012700589999001700716000013909DO-SdBNP20251028140047.0031212s2003 ve a b 001 0 spa  a9801201010 a(BO-CbLA)la0312N1913 aDO-SdBNPcDLCdBNPHU aBNGR a327.8707287bP852v1 aPortillo, Julio,d1944-91619210aVenezuela / Panamá :brelaciones diplomáticas, 1903-2000 /cJulio Portillo. aCaracas :bArtes,c2003. a422 p. :bil ;c23 cm. aCentenario de la independencia de Panamá. aBuibliografía: (p. 373-380). 4aVenezuelaxRelaciones exterioreszPanamá.931519 4aPanamáxRelaciones exterioreszVenezuela931520 aCatalogación por copia / LC 2ddccLBS1 001052708MOaGRbGRcCTd2009-12-01iLF1l0o327.8707287 P852vp13909-10r2020-06-25w2020-06-25y2ZPréstamo interno c13514d13514